Guide to Sustainable Procurement in Construction (Record no. 112690)

MARC details
000 -LEADER
fixed length control field 00689cam a22002175a 4500
001 - CONTROL NUMBER
control field L153765
008 - FIXED-LENGTH DATA ELEMENTS--GENERAL INFORMATION
fixed length control field 110826s2011 xxk f 000 0 eng d
020 ## - INTERNATIONAL STANDARD BOOK NUMBER
International Standard Book Number 9780860176954
035 ## - SYSTEM CONTROL NUMBER
System control number (Sirsi) u153765
041 0# - LANGUAGE CODE
Language code of text/sound track or separate title eng
050 04 - LIBRARY OF CONGRESS CALL NUMBER
Classification number 333.72
100 1# - MAIN ENTRY--PERSONAL NAME
Personal name Berry, C
245 00 - TITLE STATEMENT
Title Guide to Sustainable Procurement in Construction
260 ## - PUBLICATION, DISTRIBUTION, ETC.
Place of publication, distribution, etc. London
Name of publisher, distributor, etc. CIRIA
Date of publication, distribution, etc. 2011
520 ## - SUMMARY, ETC.
Summary, etc. Includes information on mitigating reputation risks whilst delivering clients' ambitions, and makes specific reference to the British Standard for sustainable procurement (BS 8903).
521 ## - TARGET AUDIENCE NOTE
Target audience note S
590 ## - LOCAL NOTE (RLIN)
Local note KA
651 #4 - SUBJECT ADDED ENTRY--GEOGRAPHIC NAME
Geographic name ENGLAND AND WALES
690 ## - LOCAL SUBJECT ADDED ENTRY--TOPICAL TERM (OCLC, RLIN)
Topical term or geographic name as entry element SUSTAINABLE DEVELOPMENTS
942 ## - ADDED ENTRY ELEMENTS (KOHA)
Suppress in OPAC 0
Holdings
Withdrawn status Lost status Source of classification or shelving scheme Damaged status Not for loan Home library Current library Shelving location Date acquired Total Checkouts Full call number Barcode Date last seen Copy number Price effective from Koha item type
    Dewey Decimal Classification     London London Folio 26/08/2011   F333.72 BER 30079571 06/08/2019 1 06/08/2019 Book